Biblioteca y Centro de Documentación

Qualifications that count (Registro nro. 24874)

Detalles MARC
000 -CABECERA
Longitud fija campo de control 01342nam a2200349 c 4500
001 - NÚMERO DE CONTROL
Número de control 24874
003 - IDENTIFICADOR DE NÚMERO DE CONTROL
Identificador del número de control ES-MaCES
005 - FECHA Y HORA DE LA ÚLTIMA TRANSACCIÓN
Fecha y hora de la última transacción 20150929135516.0
008 - CAMPO FIJO DE DESCRIPCIÓN FIJA--INFORMACIÓN GENERAL
Códigos de información de longitud fija   130221s2009 lu d t i000 | eng d
020 ## - ISBN (INTERNATIONAL STANDARD BOOK NUMBER)
Número Internacional Normalizado para Libros (ISBN) 9789291575800
035 ## - NÚMERO DE CONTROL DEL SISTEMA
Número de control del sistema CES20130000617m
040 ## - FUENTE DE CATALOGACIÓN
Centro catalogador de origen ES-MaCES
Lengua de catalogación spa
Centro transcriptor ES-MaCES
100 1# - ENCABEZAMIENTO PRINCIPAL--NOMBRE PERSONAL
Nombre de persona Leney, Tom
9 (RLIN) 16460
245 10 - MENCIÓN DE TÍTULO
Título Qualifications that count
Resto del título : strengthening the recognition of qualifications in the Mediterranean region : thematic studies
Mención de responsabilidad, etc. Tom Leney
260 ## - PUBLICACIÓN, DISTRIBUCIÓN, ETC (PIE DE IMPRENTA)
Lugar de publicación, distribución, etc. Luxembourg
Nombre del editor, distribuidor, etc. Office for Official Publications of the European Communities
Fecha de publicación, distribución, etc. 2009
300 ## - DESCRIPCIÓN FÍSICA
Extensión 89 p.
Otras características físicas gráf. bl. y n.
Dimensiones 30 cm
500 ## - NOTA GENERAL
Nota general En la cub.: MEDA-ETE, Regional Project (Education and Training for Employment), is a initiative implemented by the European Training Foundation (ETF)
504 ## - NOTA DE BIBLIOGRAFÍA, ETC.
Nota de bibliografía, etc. Bibliografía: p. 85-89
541 ## - NOTA DE LA FUENTE INMEDIANTE DE ADQUISICIÓN
Forma de adquisición Gratuito
650 #4 - ASIENTO SECUNDARIO DE MATERIA--TÉRMINO DE MATERIA
Término de materia o nombre geográfico como elemento inicial país mediterráneo
9 (RLIN) 29050
650 #4 - ASIENTO SECUNDARIO DE MATERIA--TÉRMINO DE MATERIA
Término de materia o nombre geográfico como elemento inicial análisis de calificaciones
9 (RLIN) 29964
650 #4 - ASIENTO SECUNDARIO DE MATERIA--TÉRMINO DE MATERIA
Término de materia o nombre geográfico como elemento inicial calificación profesional
9 (RLIN) 28319
653 10 - TÉRMINO DE INDEXACIÓN--NO CONTROLADO
Término no controlado Educación
650 #4 - ASIENTO SECUNDARIO DE MATERIA--TÉRMINO DE MATERIA
9 (RLIN) 29282
Término de materia o nombre geográfico como elemento inicial evaluación del nivel de formación
650 #4 - ASIENTO SECUNDARIO DE MATERIA--TÉRMINO DE MATERIA
9 (RLIN) 29952
Término de materia o nombre geográfico como elemento inicial nivel de calificación
650 #4 - ASIENTO SECUNDARIO DE MATERIA--TÉRMINO DE MATERIA
9 (RLIN) 26752
Término de materia o nombre geográfico como elemento inicial UE
710 2# - ENCABEZAMIENTO SECUNDARIO--NOMBRE CORPORATIVO
Nombre de entidad o nombre de jurisdicción como elemento inicial European Training Foundation
9 (RLIN) 3508
730 0# - ENCABEZAMIENTO SECUNDARIO--TÍTULO UNIFORME
Título uniforme Programa MEDA-ETE
9 (RLIN) 34442
902 ## - CES. TIPO DE DOCUMENTO
Tipodoc (006$c Sirtex) LIB Libro
942 ## - ELEMENTOS KOHA
Fuente de clasificaión o esquema Clasificación propia del CES
Koha [por defecto] tipo de item Monografías
Parte de clasificación 4.0.
Existencias
Número de registro Signatura completa Tipo de item de Koha
082811 SG-4.0.-74 Monografías
© CES, Consejo Económico y Social de España 2021